O zalozeniach polityki przemyslowej.

O vývoji priemyselnej politiky v Poľsku. Vládny program o priemyselnej politike v r. 1991. Proces adaptácie. Organizačná a vlastnícka reštrukturalizácia priemyslu a jej základné predpoklady. Adaptácia jednotnému trhu ES a rozvojovej stratégii. Hlavné smery výskumu hospodárskej stratégie priemyslu.

Salvato in:
Dettagli Bibliografici
Autore principale: Pelka, B.
Natura: Capitolo di libro
Lingua:polacco
Soggetti:
Tags: Aggiungi Tag
Nessun Tag, puoi essere il primo ad aggiungerne!!

MARC

LEADER 00000naa a2200000 4500
001 r010442
005 20221125122536.4
041 0 |a pol 
044 |a PL 
245 1 0 |a O zalozeniach polityki przemyslowej.  |c B. Pelka 
520 |a O vývoji priemyselnej politiky v Poľsku. Vládny program o priemyselnej politike v r. 1991. Proces adaptácie. Organizačná a vlastnícka reštrukturalizácia priemyslu a jej základné predpoklady. Adaptácia jednotnému trhu ES a rozvojovej stratégii. Hlavné smery výskumu hospodárskej stratégie priemyslu. 
610 2 0 |a politika priemyselná 
610 2 0 |a PR 
610 2 0 |a priemysel 
610 2 0 |a programy vládne 
610 2 0 |a 1991 
610 2 0 |a adaptácia 
610 2 0 |a zmeny štruktúrne 
610 2 0 |a vlastníctvo 
610 2 0 |a podnik priemyselný 
100 1 |a Pelka, B.